000 00473nmc a2200205 a 4500
003 AR-BaBNM
005 20251128203618.0
008 036119s1970 ||||||||||||||000 | spa||
040 _cAR-BaBNM
100 1 _aPalomino, Angel
245 1 0 _aZamora y Gomorra
260 _aBarcelona
_bEdiciones G.P.
_c1970
300 0 _a314 p.
490 0 _aLibros Reno
650 4 _aLITERATURA ESPANOLA
650 4 _aNOVELAS
655 _aLITERATURA
942 _cBK
998 _cisola
999 _c4129
_d4129